| 000 | 00560nam a2200193 4500 | ||
|---|---|---|---|
| 003 | SEACOMEC | ||
| 005 | 20240328120944.0 | ||
| 008 | 231004b |||||||| |||| 00| 0 eng d | ||
| 020 | _c$8.95 | ||
| 040 | _aSEACOMEC | ||
| 082 |
_a621.317 _bM697 |
||
| 100 | 1 | _aMohan, Ned | |
| 245 | 1 |
_aPower Electronics _bConverters, Applications and Design _cNed Mohan; Tore M. Undeland and William P. Robbins |
|
| 250 | _a3rd Ed | ||
| 260 |
_aSingapore _bJohn Wiley _c2006 |
||
| 650 | _aElectrical Engineering | ||
| 650 | _aTransmission of Electronic Power | ||
| 942 | _cBOOK | ||
| 999 |
_c52 _d52 |
||